Programované systémy pre komunikáciu s prístrojmi HP34401A a Agilent Technologies E364x a pre porovnanie výkonnosti na báze RS-232 a GPIBP3

Gespeichert in:
Bibliographische Detailangaben
1. Verfasser: Suchovský, Stanislav (Verfasst von)
Weitere Verfasser: Ondrášová, Iveta, 1962- (Betreuung Doktorarbeit), Čičák, Pavel, 1955- (Betreuung Doktorarbeit)
Format: Manuskript Buch
Sprache:Slowakisch
Veröffentlicht: Bratislava : STU v Bratislave FEI, 2002
Schlagworte:
Tags: Tag hinzufügen
Keine Tags, Fügen Sie das erste Tag hinzu!

MARC

LEADER 00000ntm a22000003a 4500
001 stu76368
005 20160719164756.8
008 020628s2002------------------------slo-d
040 |a STU  |b slo 
041 0 |a slo 
100 1 |a Suchovský, Stanislav  |4 aut 
245 1 |a Programované systémy pre komunikáciu s prístrojmi HP34401A a Agilent Technologies E364x a pre porovnanie výkonnosti na báze RS-232 a GPIBP3 
260 |a Bratislava :  |b STU v Bratislave FEI,  |c 2002 
300 |a 72 s  |c príl. 
650 7 |a informatika  |2 stusub 
700 1 |a Ondrášová, Iveta,  |d 1962-  |4 ths  |u E190  |U FEI Fakulta elektrotechniky a informatiky  |T FEI Katedra merania  |X 2042  |U E190  |Y 66  |7 A000002042 
700 1 |a Čičák, Pavel,  |d 1955-  |4 ths  |u E220  |U FEI Fakulta elektrotechniky a informatiky  |T FEI Katedra informatiky a výpočtovej techniky  |X 1926  |U E220  |Y 69  |7 1926 
996 |b EDIPL-7006  |c I*DIPL-7006  |l II680  |s A  |a 24  |w stu76368_0001